000 00389nam a2200145Ia 4500
008 100122s9999 xx 000 0 und d
082 _b11356
_a823
100 _aपणिकर रजनी
245 _aतहान
260 _bहिन्दी मराठी प्रकाशन
_c1962
300 _a216
630 _aतहान
730 _aतहान
942 _cBOOK
999 _c402758
_d402755